000 00644nam a2200181Ia 4500
005 20150102165231.0
010 _aBAC-CH25
020 _a9780753724989
_c 140.00
035 _aB-549219-244
037 _bTechniz/vender
_adpl
082 _a635
245 _aWhat Can I See?: Garden /
260 _c2013
_aLondon
_bChancellor Press (imprint of Octopus Publishing Group)
270 _a189 Shaftesbury Avenue,
_bLondon
_eWC2H 8JY
300 _a24p.:
_bcol.ill.
_c27cm(pbk)
942 _cCH
_2ddc
_mWHA
_h635
999 _c86241
_d86241